| 000 | 01131nam a2200217Ia 4500 | ||
|---|---|---|---|
| 003 | Ost | ||
| 005 | 20260507075310.0 | ||
| 008 | 260507s9999||||xx |||||||||||||| ||und|| | ||
| 020 | _a6352328977 | ||
| 040 | _cfsecg | ||
| 041 | _aara | ||
| 082 | _a330 | ||
| 100 |
_aوفاء البدوي محمدي، جلال _eمؤلف |
||
| 245 | 0 |
_aالبنوك الاسلامية : _bدراسة مقارنة للنظم في دولة الكويت و دول أخرى / _c جلال وفاء البدوي محمدي |
|
| 260 |
_aالاسكندرية: _bدار الجامعة الجديدة, _c2008 |
||
| 300 |
_a205 صفحة؛ _c25 سم |
||
| 520 | _aماهية البنوك الاسلامية و تنظيمها القانوني، الجوانب القانونية لتأسيس البنوك الاسلامية و تسجيل و إدارة هذه البنوك و رقابة البنك المركزي على البنوك الاسلامية مع الرقابة الشرعية في البنوك الاسلامية . | ||
| 653 | _aالبنوك ــ الكويت | ||
| 653 | _aالبنوك الاسلامية ــ الكويت | ||
| 942 | _cكتاب | ||
| 999 |
_c43847 _d43847 |
||